MCU Opening Locations Quiz Stats

 Plays Quiz not verified by Sporcle

Score 0/22 Timer 05:00
0 Plays Today
% Correct
Avengers: Endgame
79.2%
Iron Man
79.1%
Avengers: Infinity War
76.6%
Thor: Ragnarok
75.7%
Avengers: Age of Ultron
72.8%
Doctor Strange
69.3%
Guardians of the Galaxy
63.8%
Captain America: The First Avenger
61.6%
Guardians of the Galaxy Vol. 2
59.8%
Captain America: The Winter Soldier
55.4%
Thor: The Dark World
51.9%
% Correct
Black Panther
51%
Captain America: Civil War
48.3%
The Incredible Hulk
47%
Thor
45.5%
Spiderman: Homecoming
44.3%
Captain Marvel
39.8%
Iron Man 2
39%
The Avengers
34.8%
Iron Man 3
34.6%
Ant-Man and the Wasp
32.6%
Ant-Man
26.1%

You're not logged in!

Compare scores with friends on all Sporcle quizzes.
OR
Log In

Sporcle TV

Today on Sporcle TV


Watch our educational content, quiz creation guides, and fun videos on Sporcle TV.

Show Comments

Extras

Top Quizzes Today


Score Distribution

Your Account Isn't Verified!

In order to create a playlist on Sporcle, you need to verify the email address you used during registration. Go to your Sporcle Settings to finish the process.

Report this User

Report this user for behavior that violates our Community Guidelines.

Details: